00455 a2200157 45000010006000000050017000060080041000230030015000640400040000790800040001192450041001592640044002003000018002440410008002621000027002706219820260407155915.0260407a1964 arg spa dAR-UNSa-BCEJYS aAR-UNSa-BCEJYSbspacAR-UNSa-BCEJYS a349.22:331.106xContrato de trabajo10aLegislación laboral y contabilidad 1aBuenos Aires :bEdiciones Depalmac1964 a64 p.c24 cm. aspa1 aMartín, Miguel Angel